000 00648nam a2200193 i 4500
001 35393
003 ES-MaACL
005 20230906155124.0
007 t|
008 030212s1980 sp ||||1| spa d
100 1 _aBosch Vila, Jacinto.
_930667
245 1 0 _aAndalucía islámica
_b: textos y estudios I /
_cJacinto Bosch Vila ; dirigidos por J. Bosch Vilá y W. Hoenerbach.
260 _aGranada :
_bUniversidad de Granada,
_c1980.
300 _a170 p. ;
_c23 cm.
500 _aAnejos a cuadernos de Historia del Islám.
700 1 _aHoenerbach, W.
_963918
710 2 _aUniversidad de Granada.
_97176
852 _aES-MaACL
_jL-2239
_bR.101726
999 _c35393
_d35393